000
00210nam a22000857a 4500
999
_c
7019
_d
7019
008
170622b xxu||||| |||| 00| 0 eng d
020
_a
8173015317
100
_9
3628
_a
Rao. G
245
_a
Information Practices - XI
260
_a
New delhi
_c
2010